[Event "Budapest FS11 IM-B"]
[Site "Budapest"]
[Date "1995.??.??"]
[Round "6"]
[White "Svobodova, Michaela"]
[Black "Kuljabin, Vadim"]
[Result "0-1"]
[WhiteElo "2155"]
[BlackElo "2230"]

1.e4 c5 2.Nf3 d6 3.Bb5+ Bd7 4.Bxd7+ Qxd7 5.c4 Qg4 6.O-O Nc6 7.Nc3 Nf6 8.h3 Qh5
9.d3 e6 10.Ne2 Ne5 11.Nxe5 dxe5 12.f4 Nd7 13.f5 O-O-O 14.Qe1 Nb8 15.Rf3 Be7
16.g4 Qh4 17.Qxh4 Bxh4 18.fxe6 fxe6 19.Bd2 Nc6 20.Raf1 h6 21.Kg2 a6 22.a3 Rd7
23.Be1 Bxe1 24.Rxe1 Rhd8 25.Nc1 Ne7 26.Rf7 Ng6 27.Rxd7 Rxd7 28.Rd1 Nf4+ 29.Kg3 b5
30.cxb5 axb5 31.h4 g5 32.h5 c4 33.Kf3 Rd4 34.Rd2 Kd7 35.Ke3 Ke7 36.dxc4 Rxc4
37.Na2 Kf6 38.Rf2 Ke7 39.Rd2 Kf6 40.Rh2 Rd4 41.Rd2 Rc4 42.Nc3 b4 43.Nb5 Rc1
44.Rd7 Re1+ 45.Kd2 Re2+ 46.Kd1 Rxe4 47.Rf7+ Kxf7 48.Nd6+ Ke7 49.Nxe4 bxa3
50.bxa3 Nd5 51.Kd2 Kd7 52.Kd3 Kc6 53.Nf2 Nf6 54.Kc4 Kb6 55.a4 Ka5 56.Kb3 e4
57.Kc3 e3 58.Nd3 Nxg4 59.Kd4 e5+ 60.Kd5 Kxa4 61.Ke6 e2 62.Kf5 Nf2 63.Ne1 g4
64.Kxe5 Kb4 65.Kd4 Nh3 66.Ke3 Kc4 67.Ke4 Ng1 68.Kf4 Nf3 69.Ng2 Kd4 70.Kxg4 Ke4  0-1

[Event "Budapest FS08 IM-A"]
[Site "Budapest"]
[Date "1995.??.??"]
[Round "6"]
[White "Todorov, Todor"]
[Black "Hedman, Erik"]
[Result "1-0"]
[WhiteElo "2350"]
[BlackElo "2320"]

1.e4 c5 2.Nf3 d6 3.Bb5+ Nd7 4.O-O Nf6 5.Re1 a6 6.Bf1 b6 7.d4 cxd4 8.Qxd4 Bb7
9.e5 dxe5 10.Nxe5 Nxe5 11.Qxe5 Qd5 12.Qg3 e6 13.Nc3 Qc6 14.Bg5 Bd6 15.Qh4 Be7
16.Rad1 Rd8 17.Rxd8+ Bxd8 18.Re3 h6 19.b4 b5 20.a4 bxa4 21.b5 Qc5 22.bxa6 Bc6
23.Bxf6 Bxf6 24.Ne4 Bxh4 25.Nxc5 Bf6 26.Ra3 Bb2 27.Ra2 a3 28.Bc4 Ke7 29.Nd3 Rb8
30.Bb3 Rb6 31.a7 Ra6 32.Nb4  1-0

[Event "Budapest FS06 GM"]
[Site "Budapest"]
[Date "1995.??.??"]
[Round "8"]
[White "Finkel, Alexander"]
[Black "Csom, Istvan"]
[Result "1/2-1/2"]
[WhiteElo "2505"]
[BlackElo "2455"]

1.e4 c5 2.Nf3 d6 3.Bb5+ Bd7 4.Bxd7+ Nxd7 5.c4 e6 6.O-O Be7 7.Nc3 a6 8.d4 cxd4
9.Nxd4 Ngf6 10.b3 O-O 11.Bb2 Re8 12.Kh1 Bf8 13.Qe2 Qc7 14.f4 Rac8 15.Rf3 b6
16.Raf1 h6 17.Rh3 Qb7 18.Nf3 Nc5 19.Ng5 d5 20.e5 Nfe4 21.Ngxe4 Nxe4 22.Nxe4 dxe4
23.Re3 b5 24.Rxe4 bxc4 25.bxc4 Red8 26.Re3 Qc6 27.Rc1 Qa4 28.a3 Bc5 29.Rd3 Rb8
30.Rxd8+ Rxd8 31.h3 Qb3 32.Rc3 Qd1+ 33.Qxd1 Rxd1+ 34.Kh2 Bg1+ 35.Kg3 Bd4
36.Rc2 Rd3+ 37.Kg4 Bc5 38.f5 Kf8 39.f6 g6 40.Kf4 Ke8 41.a4 Kd7 42.h4 Kc6
43.g3 Bb4  1/2-1/2

[Event "Budapest FS10 IM-B"]
[Site "Budapest"]
[Date "1995.??.??"]
[Round "9"]
[White "Nikitin, Andrey"]
[Black "Schlusnik, Nandor"]
[Result "1-0"]
[WhiteElo "2290"]
[BlackElo "2230"]

1.e4 c5 2.Nf3 d6 3.Bb5+ Bd7 4.Bxd7+ Qxd7 5.c4 Nc6 6.O-O Nf6 7.Nc3 g6 8.d4 cxd4
9.Nxd4 Bg7 10.Nde2 O-O 11.f3 a6 12.a4 Na5 13.b3 Qd8 14.Be3 Rb8 15.Rb1 Re8
16.Qd2 Nd7 17.Rfd1 Nc5 18.Qa2 Rc8 19.b4 Bxc3 20.Nxc3 Nxa4 21.Nxa4 Nxc4 22.Bd4 e5
23.Bf2 Qg5 24.Nb6 Nxb6 25.Bxb6 Rc6 26.Qf2 Rec8 27.Be3 Qe7 28.Rbc1 Qc7 29.Qd2  1-0

[Event "Budapest FS11 IM-A"]
[Site "Budapest"]
[Date "1995.??.??"]
[Round "10"]
[White "Farago, Sandor"]
[Black "Kutuzovic, Branko"]
[Result "0-1"]
[WhiteElo "2360"]
[BlackElo "2400"]

1.e4 c5 2.Nf3 d6 3.Bb5+ Nc6 4.O-O Bd7 5.Re1 Nf6 6.c3 a6 7.Bf1 Bg4 8.d4 cxd4
9.cxd4 e5 10.d5 Nd4 11.h3 Nxf3+ 12.gxf3 Bh5 13.Qd3 Rb8 14.f4 Nd7 15.Bg2 Be7
16.fxe5 dxe5 17.Nd2 O-O 18.Nf1 Bc5 19.Ng3 Bg6 20.Be3 Qe7 21.Rac1 Rfc8 22.a3 Bxe3
23.Qxe3 Qd8 24.Bf3 Nf6 25.b4 h5 26.Qg5 Qd6 27.Rc5 Rxc5 28.bxc5 Qxc5 29.Qxe5 Re8
30.Qg5 h4 31.Qxh4 Nxd5 32.Bh5 Bxh5 33.Qxh5 Qc3 34.Qd1 Nf4 35.Kh2 Qxa3 36.Qg4 Ng6
37.f4 Qd6 38.Nh5 Qe6 39.f5 Qe5+ 40.Kh1 Nf8 41.Rg1 g6 42.Qh4 Nd7 43.Rg4 Rc8
44.fxg6 Rc1+ 45.Rg1 Rxg1+ 46.Kxg1 Qd4+ 47.Kg2 fxg6 48.Qd8+ Kf7 49.Ng3 Qb2+
50.Kh1 Ne5 51.Qc7+ Ke6 52.Qc8+ Kd6 53.Qd8+ Kc6 54.Qd5+ Kb6 55.Qd6+ Ka5 56.Qd1 b5
57.Ne2 Nc4 58.Qd8+ Kb4 59.Qf8+ Ka4 60.Qf3 Ne5 61.Qe3 b4 62.Kg2 Qc2 63.Kf1 Qd3
64.Qb6 Qxh3+ 65.Ke1 Qh1+ 66.Kf2 Qf3+ 67.Ke1 Qd3 68.Qe6 Nf3+ 69.Kf2 Qxe2+  0-1

[Event "Buenos Aires Najdorf"]
[Site "Buenos Aires"]
[Date "1995.??.??"]
[Round "1"]
[White "Ricardi, Pablo"]
[Black "Hoffman, Alejandro"]
[Result "1-0"]
[WhiteElo "2545"]
[BlackElo "2495"]

1.e4 c5 2.Nf3 d6 3.Bb5+ Bd7 4.Bxd7+ Nxd7 5.O-O Ngf6 6.Qe2 e6 7.c3 Be7 8.d4 cxd4
9.cxd4 d5 10.e5 Ne4 11.Ne1 Qb6 12.Be3 f5 13.f3 Ng5 14.Nc3 O-O 15.Nd3 Nf7
16.Kh1 Rac8 17.Rg1 g5 18.g3 a6 19.h4 h6 20.Rg2 Kg7 21.g4 f4 22.Bxf4 gxf4
23.Nxf4 Nh8 24.Nh5+ Kg8 25.Qe3 Rf7 26.Nxd5 exd5 27.e6 Nf8 28.exf7+ Kxf7 29.Qe5 Ne6
30.Qf5+ Kg8 31.Re1 Rc6 32.Rge2  1-0

[Event "Buenos Aires Najdorf"]
[Site "Buenos Aires"]
[Date "1995.??.??"]
[Round "3"]
[White "Zarnicki, Pablo"]
[Black "Hoffman, Alejandro"]
[Result "1/2-1/2"]
[WhiteElo "2570"]
[BlackElo "2495"]

1.e4 c5 2.Nf3 d6 3.Bb5+ Bd7 4.Bxd7+ Nxd7 5.O-O Ngf6 6.Qe2 e6 7.b3 Be7 8.Bb2 O-O
9.c4 Re8 10.Nc3 Ne5 11.Rad1 a6 12.d4 Nxf3+ 13.Qxf3 cxd4 14.Rxd4 Qa5 15.a4 Qb6
16.Ne2 Nd7 17.Qg3 e5 18.Rd3 Nc5 19.Re3 Nxa4 20.Ba1 Nc5 21.Nf4 Qd8 22.Nd5 Bg5
23.Re2 Bh6 24.f4 Nd7 25.fxe5 dxe5 26.Ref2 f6 27.Nxf6+ Nxf6 28.Rxf6 Be3+ 29.Kh1 Re7
30.Bxe5 Rxe5 31.Qxe5 gxf6 32.Qg3+ Bg5 33.h4 Qe7 34.hxg5 fxg5 35.Rf5 h6 36.Qd3 Rd8
37.Rd5 Rf8 38.e5 Rf7 39.Rd8+ Kg7 40.Qd5 g4 41.g3 Qg5  1/2-1/2

[Event "Buenos Aires op"]
[Site "Buenos Aires"]
[Date "1995.??.??"]
[Round "7"]
[White "Olivieri, Martin"]
[Black "Fiorito, Fabian"]
[Result "0-1"]
[WhiteElo "2285"]
[BlackElo "2435"]

1.e4 c5 2.Nf3 d6 3.Bb5+ Bd7 4.Bxd7+ Qxd7 5.O-O Nc6 6.c3 Nf6 7.Qe2 e6 8.d4 cxd4
9.cxd4 d5 10.e5 Ne4 11.Nbd2 Nxd2 12.Bxd2 Be7 13.Rfc1 O-O 14.Rc2 a6 15.Rac1 Rac8
16.Qd3 Rfe8 17.h3 Na7 18.Ng5 Bxg5 19.Bxg5 Rxc2 20.Rxc2 Rc8 21.Re2 h6 22.Bf6 gxf6
23.exf6 Qc7 24.Qf3 Qc1+ 25.Kh2 Kh8 26.Re3 Qc7+ 27.g3 Nc6 28.Qh5 Kh7 29.Rf3 Rg8
30.Rf4 Rg6 31.Qf3 Qb6 32.Qd3  0-1

[Event "Buenos Aires Najdorf"]
[Site "Buenos Aires"]
[Date "1995.??.??"]
[Round "9"]
[White "Szmetan, Jorge"]
[Black "Hoffman, Alejandro"]
[Result "0-1"]
[WhiteElo "2430"]
[BlackElo "2495"]

1.e4 c5 2.Nf3 d6 3.Bb5+ Bd7 4.Bxd7+ Nxd7 5.O-O Ngf6 6.Re1 e6 7.c3 Be7 8.d4 O-O
9.dxc5 Nxc5 10.Qc2 b5 11.Nbd2 Rc8 12.Nb3 Na4 13.Qe2 a6 14.e5 Nd5 15.Nbd4 Re8
16.a3 Qc7 17.g3 h6 18.Qe4 Bf8 19.h4 Nc5 20.Qe2 Nb6 21.exd6 Bxd6 22.Rb1 Bf8
23.Ne5 Bd6 24.Nef3 Qb7 25.Nh2 f5 26.Nf1 Qf7 27.Nc2 e5 28.Nb4 Bb8 29.Be3 Nbd7
30.Rbd1 f4 31.Bxc5 Nxc5 32.Nh2 e4 33.Nf1 a5 34.Nc2 Nd3 35.Nd4 Ba7 36.Qg4 h5
37.Qh3 b4 38.Rxe4 Nxb2 39.Rde1 bxc3 40.Nc6 Bxf2+ 41.Kxf2 Nd3+ 42.Kg1 Nxe1
43.Ne7+ Kh7 44.Rxe1 c2 45.Rc1 Qxe7 46.Qf5+ g6 47.Qxf4  0-1

[Event "Buenos Aires VII Najdorf op"]
[Site "Buenos Aires"]
[Date "1995.??.??"]
[Round "9"]
[White "Rosito, Jorge"]
[Black "Rodriguez, Jorge Luis"]
[Result "1-0"]
[WhiteElo "2340"]
[BlackElo "2305"]

1.e4 c5 2.Nf3 d6 3.Bb5+ Bd7 4.Bxd7+ Qxd7 5.O-O Nc6 6.c3 g6 7.d4 cxd4 8.cxd4 Bg7
9.Nc3 Nf6 10.d5 Ne5 11.Nxe5 dxe5 12.Bg5 O-O 13.Qb3 Rfc8 14.f3 Ne8 15.a4 Nd6
16.Rfc1 h6 17.Be3 a6 18.a5 Rc4 19.Na4 Qb5 20.Qxb5 Rxc1+ 21.Bxc1 Nxb5 22.Nb6 Rd8
23.Ra4 e6 24.Rc4 exd5 25.Nxd5 f5 26.Ne3 fxe4 27.Rxe4 Rd4 28.Rxd4 exd4 29.Nc4 Kf7
30.Kf2 Ke6 31.Ke2 Kd5 32.Kd3 h5 33.Bd2 Nd6 34.Nb6+ Kc6 35.g3 Nf5 36.b3 Nd6
37.Bf4 Nb5 38.Nc4 Kd5 39.Nb6+ Kc6 40.Ke4  1-0

[Event "CAN-ch"]
[Site "CAN"]
[Date "1995.??.??"]
[Round "4"]
[White "Leveille, Francois"]
[Black "O'Donnell, Tom"]
[Result "1/2-1/2"]
[WhiteElo "2360"]
[BlackElo "2360"]

1.e4 c5 2.Nf3 d6 3.Bb5+ Bd7 4.Bxd7+ Qxd7 5.O-O Nf6 6.e5 dxe5 7.Nxe5 Qd8 8.Nc3 e6
9.d3 Nbd7 10.Nc4 Nb6 11.Nxb6 Qxb6 12.Qf3 Be7 13.a4 O-O 14.a5 Qc7 15.a6 b6
16.Qb7 Qd7 17.Bf4 Rfd8 18.Bc7 Rdc8 19.Be5 Qe8 20.Rfe1 Rd8 21.h3 Nd5 22.Nxd5 Rxd5
23.b4 Rd7 24.Qe4 Qd8 25.Rad1 Rc8 26.Qf3  1/2-1/2

[Event "Cannes Martinez op"]
[Site "Cannes"]
[Date "1995.??.??"]
[Round "4"]
[White "Lamorelle, Yves"]
[Black "Galmiche, Jean Maurice"]
[Result "1/2-1/2"]
[WhiteElo "2215"]
[BlackElo "2070"]

1.e4 c5 2.Nf3 d6 3.Bb5+ Bd7 4.Bxd7+ Qxd7 5.c4 Nc6 6.O-O Nf6 7.Nc3 e6 8.d4 cxd4
9.Nxd4 Be7 10.b3 O-O 11.Bb2 a6 12.Qd2 Rfd8 13.Rad1 Qc7 14.Rfe1 Rac8 15.h3 Bf8
16.Re3 Ne5 17.f4 Nc6 18.Nxc6 bxc6 19.Rd3 Be7 20.Kh1 Nd7 21.Ba3 Nc5 22.Bxc5 dxc5
23.Rd7 Rxd7 24.Qxd7 g5 25.g3 Kf8 26.e5 Qb8 27.Qd3 Rd8 28.Qxh7 Rxd1+ 29.Nxd1 Ke8
30.Qe4 gxf4 31.gxf4 Qb4 32.Qe2 a5 33.Kg2 a4 34.bxa4 Bh4 35.Nf2 Qxa4 36.Ne4 Qa3
37.Qd2 Kf8 38.Qd6+ Kg7 39.Qxc5 Qxa2+ 40.Kf3 Qh2 41.Kg4 Qg2+ 42.Kxh4 Qxe4
43.Qg1+ Kf8 44.Qf1 Qh7+ 45.Kg3 Qe4 46.h4 Kg7 47.h5 Kh7 48.Kh4 Kh6 49.c5 Qe3
50.Qc4  1/2-1/2

[Event "Cannes Martinez op"]
[Site "Cannes"]
[Date "1995.??.??"]
[Round "5"]
[White "Mueller, Achim"]
[Black "Javet, Blaise"]
[Result "0-1"]
[WhiteElo "2185"]
[BlackElo "1920"]

1.e4 c5 2.Nf3 d6 3.Bb5+ Bd7 4.Bxd7+ Qxd7 5.O-O Nc6 6.Re1 e5 7.c3 g6 8.d4 Rd8
9.Bg5 f6 10.Be3 Bh6 11.Qd2 Bxe3 12.Qxe3 b6 13.Na3 g5 14.Rad1 Qf7 15.dxc5 dxc5
16.Nb5 Rxd1 17.Rxd1 Qxa2 18.Qd3 Nge7 19.Qd7+ Kf7 20.Nd6+ Kg6 21.h4 Rd8 22.Qg4 h5
23.Qg3 g4 24.Nh2 Qe6 25.f4 exf4 26.Qxf4 Ne5  0-1

[Event "Cappelle op"]
[Site "Cappelle la Grande"]
[Date "1995.??.??"]
[Round "1"]
[White "Pedzich, Dominik"]
[Black "Hunt, Adam"]
[Result "1/2-1/2"]
[WhiteElo "2410"]
[BlackElo "2205"]

1.e4 c5 2.Nf3 d6 3.Bb5+ Bd7 4.Bxd7+ Nxd7 5.O-O g6 6.c3 Bg7 7.d4 Qc7 8.Qe2 Rc8
9.Na3 a6 10.Bg5 f6 11.Be3 Nh6 12.Ne1 O-O 13.Nd3 e5 14.dxc5 dxc5 15.Rad1 b6
16.b4 cxb4 17.cxb4 Qb7 18.Nb2 Nf7 19.Nac4 Rfd8 20.f3 Bf8 21.a3 a5 22.b5 Bc5
23.Rd5 Bxe3+ 24.Qxe3 Qc7 25.Rfd1 Nc5 26.h3 Rxd5 27.Rxd5 Kf8 28.Kh1 Kg7 29.Qg1 Kf8
30.Qd1 Ke7 31.Ne3 Ne6 32.Nbc4 Nf4 33.g3 Nxh3 34.Kg2 Nhg5 35.Rxe5+ Kf8 36.Rd5 Re8
37.Qd4 Ne5 38.Nxe5 fxe5 39.Qd1 Re7 40.Rd3 Rf7 41.Nd5 Qd7 42.Qh1 Qxb5 43.Qh6+ Ke8
44.Qxg5 Qxd3 45.Qxe5+ Kd7 46.Qc7+ Ke6 47.Qc6+ Ke5 48.Qe8+ Kd4 49.Qxf7 Qd2+
50.Kh3 Qh6+ 51.Kg2  1/2-1/2

[Event "Cappelle op"]
[Site "Cappelle la Grande"]
[Date "1995.??.??"]
[Round "1"]
[White "Wall, Tim"]
[Black "Ivanov, Mikhail M"]
[Result "0-1"]
[WhiteElo "2250"]
[BlackElo "2450"]

1.e4 c5 2.Nf3 d6 3.Bb5+ Nd7 4.c4 a6 5.Ba4 Nf6 6.Nc3 e6 7.O-O Be7 8.d4 cxd4
9.Nxd4 O-O 10.Qe2 Qc7 11.Bg5 Ne5 12.Bb3 b6 13.Kh1 h6 14.Bh4 Bb7 15.f4 Ng6
16.Bg3 Qc5 17.Rad1 Nh5 18.Qg4 Nxg3+ 19.Qxg3 Bh4 20.Qg4 h5 21.Qe2 Bf6 22.Na4 Qa5
23.f5 Nf4 24.Qe3 e5 25.Nf3 b5 26.Nb6 Rad8 27.g3 Ne2 28.Qxe2 Qxb6 29.cxb5 axb5
30.Bd5 Rd7 31.b4 Rc8 32.Bxb7 Qxb7 33.Rd5 Rc4 34.a3 Rd8 35.Rfd1 Rdc8 36.Nd2 Rc1
37.Nb3 R8c2 38.Nxc1 Rxe2 39.Nxe2 Qc6 40.Rc1 Qb6 41.Kg2 Kh7 42.Rc3 Bg5 43.Ng1 Be7
44.Nf3 g5 45.h3 Kg7 46.g4 h4 47.Nd2 Bd8 48.Nf1 Bc7 49.Ne3 Bb8 50.f6+ Kg6
51.Kf3 Ba7 52.Rd2 Kh7 53.Rcd3 Qc7 54.Rc2 Qb6 55.Ke2 Kg6 56.Kd1 d5 57.exd5 e4
58.Rc6 Qd8 59.Nf5 exd3 60.Ne7+ Kh7 61.d6 Be3  0-1

[Event "Cappelle op"]
[Site "Cappelle la Grande"]
[Date "1995.??.??"]
[Round "3"]
[White "Tkachiev, Vladislav"]
[Black "Muhutdinov, Marat"]
[Result "1-0"]
[WhiteElo "2575"]
[BlackElo "2485"]

1.e4 c5 2.Nf3 d6 3.Bb5+ Bd7 4.Bxd7+ Qxd7 5.c4 Nf6 6.Nc3 Nc6 7.O-O g6 8.d4 cxd4
9.Nxd4 Bg7 10.Nc2 O-O 11.Qe2 Rfc8 12.b3 Qd8 13.Bd2 a6 14.Rac1 Rab8 15.Rfd1 b5
16.cxb5 axb5 17.Nd5 Qd7 18.Ncb4 Nxb4 19.Nxb4 Kf8 20.f3 Qb7 21.Be3 Ra8 22.Bd4 Nd7
23.Be3 Nf6 24.Kf1 h5 25.Bd4 Nd7 26.Qb2 Bxd4 27.Qxd4 f6 28.Qd2 Kg7 29.Nd5 Nb6
30.Nf4 Rxc1 31.Rxc1 Rc8 32.Ne6+ Kh7 33.Nd4 b4 34.Rxc8 Nxc8 35.Qc2 Na7 36.Qc4 e5
37.Nc2 Nc6 38.Ne3 Nd4 39.Nd5 f5 40.Qc7+ Qxc7 41.Nxc7 f4 42.Nd5 Nc6 43.Ke2 g5
44.Kd3 Kg6 45.Kc4 g4 46.fxg4 hxg4 47.g3 Kg5 48.Kd3 Nd4 49.gxf4+ Kh5 50.f5 Nf3
51.Nxb4 Nxh2 52.Nc2 g3 53.Ne1 Kg5 54.a4 d5 55.a5 dxe4+ 56.Kxe4  1-0

[Event "Cappelle op"]
[Site "Cappelle la Grande"]
[Date "1995.??.??"]
[Round "4"]
[White "Ryan, Joseph"]
[Black "Szylar, Eric"]
[Result "0-1"]
[WhiteElo "2230"]
[BlackElo "2080"]

1.e4 c5 2.Nf3 d6 3.Bb5+ Bd7 4.Bxd7+ Qxd7 5.O-O Nc6 6.c3 Nf6 7.d3 e6 8.a3 Be7
9.Qe2 O-O 10.b4 a6 11.Rd1 b5 12.bxc5 dxc5 13.d4 c4 14.Bg5 h6 15.Bh4 Rfd8
16.Nbd2 Rac8 17.Nf1 Qa7 18.Bxf6 Bxf6 19.Ne3 a5 20.Ra2 a4 21.e5 Be7 22.d5 exd5
23.Nxd5 Bf8 24.Raa1 Qa5 25.Nb4 Nxb4 26.axb4 Qb6 27.Qe4 Rxd1+ 28.Rxd1 Rd8
29.Nd4 a3 30.Qb1 Re8 31.f4 a2 32.Qa1 Rd8 33.Rd2 Ra8 34.Kf1 Qa6 35.Rd1 Be7
36.Nc2 Qa4 37.Rc1 Bd8 38.Ke2 Bb6 39.Ne1 Qa7 40.Rc2 Bf2 41.Rc1 Qe3+ 42.Kf1 Qxf4
43.Nf3 Qxc1+ 44.Qxc1 a1=Q 45.Qxa1 Rxa1+ 46.Kxf2 Rc1 47.Nd4 Rxc3 48.Nxb5 Rb3  0-1

[Event "Cappelle op"]
[Site "Cappelle la Grande"]
[Date "1995.??.??"]
[Round "4"]
[White "Mah, Karl"]
[Black "Gaponenko, Inna"]
[Result "1/2-1/2"]
[WhiteElo "2170"]
[BlackElo "2390"]

1.e4 c5 2.Nf3 d6 3.Bb5+ Nd7 4.O-O Nf6 5.Re1 a6 6.Bf1 b6 7.c4 Bb7 8.Nc3 e6
9.d3 Be7 10.h3 O-O 11.Nh2 d5 12.e5 Ne8 13.cxd5 exd5 14.Qg4 Kh8 15.f4 f5 16.Qe2 Nc7
17.g3 Re8 18.Bg2 Nf8 19.g4 g6 20.gxf5 gxf5 21.Qh5 Qd7 22.Nf3 Ng6 23.e6 Qd6
24.Qxf5 Rf8 25.Qg4 Nxf4 26.Bxf4 Rxf4 27.Qh5 Rg8 28.Ne5 Qxe6 29.Ng4 Qd6 30.Nh6 Rgf8
31.Rf1 Kg7 32.Ng4 R8f5 33.Qxf5 Rxf5 34.Rxf5 Bc8 35.Rf3 Qg6 36.Raf1 Be6 37.Ne2 Qg5
38.Ne3 Kh8 39.Kh1 Qe5 40.Nf4 Bg8 41.b3 Bg5 42.Ng4 Qb2 43.R3f2 Qd4 44.Nh5 Ne6
45.Rf5 Qxd3 46.Rxg5 Nxg5 47.Rf8 Qd2 48.Re8 Ne4 49.Bxe4 dxe4 50.Ngf6 Qd1+
51.Kg2 Qf3+ 52.Kg1 Qe3+ 53.Kf1 Qf3+ 54.Ke1 Qe3+ 55.Kd1 Qd3+  1/2-1/2

[Event "Cappelle op"]
[Site "Cappelle la Grande"]
[Date "1995.??.??"]
[Round "5"]
[White "Margolin, Boris"]
[Black "Atalik, Suat"]
[Result "1/2-1/2"]
[WhiteElo "2390"]
[BlackElo "2500"]

1.e4 c5 2.Nf3 d6 3.Bb5+ Bd7 4.Bxd7+ Qxd7 5.c4 Nc6 6.Nc3 Ne5 7.d3 e6 8.O-O Ne7
9.Ne1 g6 10.Nc2 Bg7 11.f4 N5c6 12.Be3 O-O 13.d4 cxd4 14.Nxd4 Rfd8 15.Qd3 Rac8
16.Rad1 a6 17.Nb3 Qc7 18.Na4 Nb4 19.Qb1 Re8 20.Nb6 Rcd8 21.a3 Nbc6 22.Qc2 f5
23.Na4 b5 24.cxb5 axb5 25.Nc3 Qb8 26.Nd4 Nxd4  1/2-1/2

[Event "Cappelle op"]
[Site "Cappelle la Grande"]
[Date "1995.??.??"]
[Round "5"]
[White "Pedzich, Dominik"]
[Black "Stefansson, Hannes"]
[Result "1/2-1/2"]
[WhiteElo "2410"]
[BlackElo "2530"]

1.e4 c5 2.Nf3 d6 3.Bb5+ Bd7 4.Bxd7+ Nxd7 5.O-O Ngf6 6.Qe2 e6 7.c3 Be7 8.d4 O-O
9.Rd1 Qc7 10.Bg5 Rfe8 11.e5 Nd5 12.Bxe7 Rxe7 13.Na3 dxe5 14.dxe5 a6 15.Qe4 h6
16.Nc4 Rd8 17.a4 N7b6 18.Ncd2 Red7 19.a5 Nc8 20.Nc4 Nce7 21.Re1 Nc6 22.h4 Nb8
23.h5 b5 24.axb6 Nxb6 25.Ne3 Nd5 26.Nc4 Nb6 27.Ne3 Nd5 28.Nc4  1/2-1/2

[Event "Cappelle op"]
[Site "Cappelle la Grande"]
[Date "1995.??.??"]
[Round "5"]
[White "Uskova, Fliura"]
[Black "Muhutdinov, Marat"]
[Result "0-1"]
[WhiteElo "2215"]
[BlackElo "2485"]

1.e4 c5 2.Nf3 d6 3.Bb5+ Nc6 4.d4 cxd4 5.Qxd4 Bd7 6.Bxc6 Bxc6 7.c4 f5 8.Nfd2 e5
9.Qd3 Qh4 10.Nc3 Nf6 11.O-O fxe4 12.Qg3 Qxg3 13.hxg3 e3 14.fxe3 Be7 15.b3 Bd8
16.Nf3 Bb6 17.Bd2 O-O-O 18.Kh1 Rhe8 19.Rad1 d5 20.cxd5 Nxd5 21.Nxd5 Rxd5
22.e4 Rd3 23.Kh2 a5 24.Rc1 Kb8 25.Bc3 Ka7 26.Rfd1 Rxd1 27.Rxd1 Re6 28.g4 Bxe4
29.Ng5 Rh6+ 30.Kg3 Bc2 31.Rd2 Bb1 32.Rb2 Bd3 33.Bxe5 Rc6 34.Nf3 g6 35.Rd2 Bb1
36.Kf4 Ka6 37.Rb2 Rc1 38.Rd2 Bc5 39.Bd6 Kb5 40.a3 b6 41.Ke5 Rc3 42.Nd4+ Bxd4+
43.Rxd4 Rxb3 44.Kf6 Re3 45.g5 Kc6 46.Bf8 Re2 47.g3 Re3 48.Rc4+ Kd5 49.Rc7 Rf3+
50.Kg7 Rxg3 51.Be7 Rh3 52.Rb7 Kc6 53.Rb8 Kc7 54.Rh8 Kd7 55.Bf8 Kc6 56.Rxh7 Rxh7+
57.Kxh7 Kb5 58.Kg7 Kc4 59.Kf6 b5 60.Ke5 b4 61.axb4 axb4 62.Kf4 b3  0-1

[Event "Cappelle op"]
[Site "Cappelle la Grande"]
[Date "1995.??.??"]
[Round "7"]
[White "Wall, Tim"]
[Black "Fonseca, Jose Luis"]
[Result "1-0"]
[WhiteElo "2250"]
[BlackElo "2290"]

1.e4 c5 2.Nf3 d6 3.Bb5+ Bd7 4.Bxd7+ Nxd7 5.O-O Ngf6 6.Qe2 e6 7.b3 Be7 8.Bb2 O-O
9.c4 Qc7 10.Nc3 a6 11.Rae1 Rad8 12.Kh1 Rfe8 13.Ng5 h6 14.Nh3 Ne5 15.f4 Nc6
16.g4 Nd4 17.Qg2 b5 18.d3 Nd7 19.g5 Kh8 20.cxb5 Qb7 21.Ne2 f5 22.Nxd4 cxd4
23.gxh6 Rg8 24.bxa6 Qxa6 25.h7 Rgf8 26.exf5 e5 27.fxe5 dxe5 28.Nf4 Kxh7 29.Ne6 Bf6
30.Rg1 Qa8 31.Re4 Rf7 32.Nxd8 Qxd8 33.Rg4 Nc5 34.Qf3 Qd7 35.Ba3 Qb7 36.Qxb7 Nxb7
37.Bc1 Nd6 38.Bg5 Bxg5 39.Rxg5 e4 40.Rh5+ Kg8 41.dxe4 d3 42.Rh3 d2 43.Rd3 Nxe4
44.Kg2 Ra7 45.Rd1 Rxa2 46.Kf3 Nc5 47.Rc3 Nd7 48.Ke2 Ra5 49.Rxd2 Nf6 50.Rd8+  1-0

[Event "Cappelle op"]
[Site "Cappelle la Grande"]
[Date "1995.??.??"]
[Round "7"]
[White "Margolin, Boris"]
[Black "Istratescu, Andrei"]
[Result "1/2-1/2"]
[WhiteElo "2390"]
[BlackElo "2505"]

1.e4 c5 2.Nf3 d6 3.Bb5+ Nd7 4.c3 Nf6 5.Qe2 a6 6.Ba4 b5 7.Bc2 e5 8.d4 Be7
9.O-O O-O 10.Rd1 Qc7 11.dxe5 dxe5 12.Nbd2 c4 13.Nf1 Nc5 14.Bg5 Bb7 15.Bxf6 Bxf6
16.Ne3 g6 17.Nd5 Bxd5 18.Rxd5 Rad8 19.Rad1 Rxd5 20.Rxd5 Rd8 21.Qd2 Kg7 22.g3 Be7
23.Rxd8 Bxd8 24.Qd5 f6 25.Kf1  1/2-1/2

[Event "Cappelle op"]
[Site "Cappelle la Grande"]
[Date "1995.??.??"]
[Round "8"]
[White "Kazhgaleyev, Murtas"]
[Black "Mandel, Andreas"]
[Result "1/2-1/2"]
[WhiteElo "2495"]
[BlackElo "2355"]

1.e4 c5 2.Nf3 d6 3.Bb5+ Bd7 4.Bxd7+ Qxd7 5.c4 Nc6 6.Nc3 Nf6 7.O-O e6 8.d4 cxd4
9.Nxd4 Be7 10.b3 O-O 11.Bb2 a6 12.Nxc6 Qxc6 13.Qe2 Rfe8 14.Rfd1 Rab8 15.Rac1 b6
16.Qe3 Qb7 17.a4 Rbc8 18.Ba3 Qb8 19.Qg3 Rc6 20.Bb2 Bf8 21.Qh4 Rec8 22.Rc2 Rc5
23.Rcd2 R5c6 24.Rd3 Be7 25.Rg3 Kh8 26.Ne2 Rc5 27.Nf4 Qb7 28.Re1 b5 29.Rh3 e5
30.Nh5 Ng8 31.Qg3  1/2-1/2

[Event "Cappelle op"]
[Site "Cappelle la Grande"]
[Date "1995.??.??"]
[Round "8"]
[White "Janocha, Wieslaw"]
[Black "Howell, James C"]
[Result "1/2-1/2"]
[WhiteElo "2395"]
[BlackElo "2520"]

1.e4 c5 2.Nf3 d6 3.Bb5+ Nd7 4.c4 g6 5.d4 cxd4 6.Qxd4 Nf6 7.Nc3 Bg7 8.Bxd7+ Bxd7
9.O-O O-O 10.Qd3 a6 11.a4 Rc8 12.Be3 Qa5 13.Rab1 Qb4 14.Nd2 b5 15.axb5 axb5
16.cxb5 Rb8 17.b6 Be6 18.Bd4 Nd7 19.Bxg7 Kxg7 20.Nd5 Bxd5 21.exd5 Nxb6 22.Rfe1 Rb7
23.Qc3+ Qxc3 24.bxc3 Rfb8 25.c4 Na4 26.Rxb7 Rxb7 27.Kf1 Rb2 28.Nf3 Kf6 29.h4 Rc2
30.g4 Rxc4 31.g5+ Kg7 32.Rxe7 Nb6 33.Rb7 Rb4 34.Kg2 Nxd5 35.Rd7 Nf4+ 36.Kg3 Ne2+
37.Kg2 Rb6 38.Nd2 Rb4 39.Nf3 Rb6 40.Nd2 Rb4 41.Nf3  1/2-1/2

[Event "Celle Ligure op"]
[Site "Celle Ligure"]
[Date "1995.??.??"]
[Round "?"]
[White "Di Paolo, Raffaele"]
[Black "Esposito, Luca"]
[Result "1-0"]
[WhiteElo "2215"]
[BlackElo "2000"]

1.e4 c5 2.Nf3 d6 3.Bb5+ Bd7 4.a4 Nc6 5.O-O a6 6.Bxc6 bxc6 7.e5 d5 8.h3 Bf5
9.d4 c4 10.Nh4 Bd7 11.Nc3 e6 12.Nf3 Ne7 13.a5 Nf5 14.Bg5 Qc7 15.g4 Ne7 16.Qe1 Rb8
17.Na4 Nc8 18.Bd2 c5 19.Nxc5 Bxc5 20.dxc5 Rxb2 21.Bb4 Na7 22.Qc3 Rxb4 23.Qxb4 Nb5
24.c6 Qxc6 25.Rfd1 Qc7 26.Rab1 Qd8 27.Nd4 Qe7 28.Nxb5 Bxb5 29.Qxe7+ Kxe7
30.c3 f5 31.gxf5 Rf8 32.fxe6 Kxe6 33.Re1 Rf5 34.Re3 Rxe5 35.Rxb5 axb5 36.a6 d4
37.Rxe5+ Kxe5 38.cxd4+ Kxd4 39.a7 c3 40.a8=Q c2 41.Qa1+ Kd3 42.Kf1 Kd2 43.Qd4+ Kc1
44.Qb4  1-0

[Event "Ceske Budejovice op"]
[Site "Ceske Budejovice"]
[Date "1995.??.??"]
[Round "6"]
[White "Talla, Vladimir"]
[Black "Hausner, Ivan"]
[Result "1-0"]
[WhiteElo "2240"]
[BlackElo "2455"]

1.e4 c5 2.Nf3 d6 3.Bb5+ Nd7 4.O-O Nf6 5.Re1 e5 6.c3 Be7 7.d4 O-O 8.a4 a6
9.Bc4 b6 10.dxe5 Nxe5 11.Nxe5 dxe5 12.Bg5 Bb7 13.Nd2 Ne8 14.Bxe7 Qxe7 15.Qb3 Qc7
16.Rad1 Rd8 17.f3 Nd6 18.Bf1 b5 19.axb5 axb5 20.Nb1 Bc6 21.Na3 Qa7 22.Kh1 Qa5
23.Nc2 Nb7 24.Ne3 c4 25.Qb4 Qxb4 26.cxb4 Rxd1 27.Rxd1 Ra8 28.Nd5 Kf8 29.Nc3 Nd8
30.b3 cxb3 31.Rb1 Ra3 32.Kg1 b2 33.Nd1 Ra1 34.Bd3 Ne6 35.Nxb2 Ra3 36.Rc1 Nd4
37.Bf1 Ke7 38.Nd3 f6 39.Nc5 g5 40.Kf2 Ra2+ 41.Kg1 h5 42.h3 Kd6 43.Rd1 Ke7
44.Rc1 Kf7 45.Nb7 Ke8 46.Rxc6 Nxc6 47.Bxb5 Kd7 48.Na5 Ra1+ 49.Kf2 Ra2+ 50.Kf1 Ra1+
51.Ke2 Ra2+ 52.Kd3 Kc7 53.Bxc6 Rxg2 54.Bd5 Rg3 55.Ke2 Rxh3 56.Nc4 g4 57.fxg4 hxg4
58.b5 Rf3 59.b6+ Kb8 60.Ne3 Rf4 61.Nf5 Rf3 62.b7 Rc3 63.Kf2 Rh3 64.Ng7 Kc7
65.Kg2 Rd3 66.Nf5 Rh3 67.Ne7 Kb8 68.Nc8 Kc7 69.Nd6 Kb8 70.Ne8 Rf3 71.Ng7 Ka7
72.Ne6 f5 73.Nc5 fxe4 74.Nd7 Rb3 75.Bxb3 Kxb7 76.Nxe5 Kb6 77.Nxg4 Kc5 78.Kf2 Kd4
79.Ke2 Kc3 80.Bg8 Kd4 81.Bh7 Kd5 82.Ke3 Kc5 83.Kxe4 Kd6 84.Bg8 Kc6 85.Bd5+ Kd6
86.Ne3 Kc5 87.Nc4 Kb4 88.Kd4 Kb3 89.Ne3+ Kb2 90.Kc4 Kc1 91.Kc3 Kb1 92.Nc2 Kc1
93.Ba2 Kd1 94.Nd4 Ke1 95.Kd3 Kf2 96.Ne2 Kg2 97.Be6 Kf3 98.Bd7 Kf2 99.Bg4 Ke1
100.Ke3 Kd1 101.Bf5 Ke1 102.Bc2 Kf1 103.Nf4 Ke1 104.Ng2+ Kf1 105.Kf3 Kg1
106.Bd3 Kh2 107.Nf4 Kh1 108.Kg3 Kg1 109.Nh3+  1-0

[Event "Ceske Budejovice op"]
[Site "Ceske Budejovice"]
[Date "1995.??.??"]
[Round "8"]
[White "Rehorek, Martin"]
[Black "Hausner, Ivan"]
[Result "1/2-1/2"]
[WhiteElo "2335"]
[BlackElo "2455"]

1.e4 c5 2.Nf3 d6 3.Bb5+ Nd7 4.d4 Nf6 5.Nc3 cxd4 6.Nxd4 g6 7.Bg5 Bg7 8.Qd2 O-O
9.Bh6 Bxh6 10.Qxh6 Nc5 11.f3 e5 12.Nb3 a6 13.Be2 b5 14.O-O-O b4 15.Nd5 Nxd5
16.Rxd5 Be6 17.Rdd1 Bxb3 18.cxb3 a5 19.h4 Qf6 20.h5 Rfd8 21.hxg6 hxg6 22.Bc4 Qf4+
23.Qxf4 exf4 24.Rh4 Ne6 25.Bxe6 fxe6 26.Rxf4 Kg7 27.Rh4 Rac8+ 28.Kb1 Kf6
29.Rh7 d5 30.exd5 Rxd5 31.Rd7 Ke5 32.a3 g5 33.Re1+ Kf6 34.Rd1 Ke5 35.Re1+ Kf6
36.Rd1  1/2-1/2